| 000 | 00993cad a22002175a 4500 | ||
|---|---|---|---|
| 001 | L155968 | ||
| 008 | 120424e2012 xxk 000 0 eng d | ||
| 035 | _a(Sirsi) u155968 | ||
| 041 | 0 | _aeng | |
| 110 | 2 | _aUKAS Accredited Asbestos Inspection Bodies | |
| 245 | 0 | 0 |
_aGreat British asbestos in buildings survey 2011 _h[electronic resource] |
| 260 |
_a[S.l.] _bUKAS Accredited Asbestos Campaign _c2012 |
||
| 520 | _aThis annual industry wide survey, carried out by the UKAS Accredited Asbestos Campaign, provides a comprehensive and accurate picture of the level of awareness of asbestos in buildings within the built environment industry. | ||
| 590 | _aKA NTK | ||
| 651 | 4 |
_aUnited Kingdom _y |
|
| 690 |
_aHealth and safety _96244 |
||
| 690 |
_aMinerals and waste _96257 |
||
| 690 |
_aContamination _96231 |
||
| 856 | 4 | 0 | _uhttps://issuu.com/simplymarcomms/docs/the_gb_asbestos_survey_2011?mode=embed&layout=http%3A%2F%2Fskin.issuu.com%2Fv%2Flight%2Flayout.xml&showFlipBtn=true |
| 942 | _n0 | ||
| 999 |
_c113951 _d113951 |
||